书目信息 |
| 题名: |
苦兼室藏日本画集= Kujian studio collection of Japanese paintings
|
|
| 作者: | 马玉琪 , 杨芮藻 编著 | |
| 分册: | ||
| 出版信息: | 北京 中国城市出版社 2018.10 |
|
| 页数: | 213页 | |
| 开本: | 20cm | |
| 丛书名: | ||
| 单 册: | ||
| 中图分类: | J232 | |
| 科图分类: | ||
| 主题词: | 绘画--世界 , 绘画--各国 | |
| 电子资源: | ||
| ISBN: | 978-7-5074-3146-9 | |
| 000 | 00739nam0 2200217 45 | |
| 001 | 1931039352 | |
| 005 | 20190306083818.40 | |
| 010 | @a978-7-5074-3146-9@dRMB 178.00 | |
| 100 | @a20190306d2018 km y0chiy0120 ea | |
| 101 | 0 | @achi |
| 102 | @aCN@b110000 | |
| 200 | 1 | @a苦兼室藏日本画集= Kujian studio collection of Japanese paintings@Aku jian shi cang ri ben hua ji=Kujian studio collection of Japanese paintings@f马玉琪, 杨芮藻编著@Fma yu qi,yang rui zao bian zhu |
| 210 | @a北京@c中国城市出版社@d2018.10 | |
| 215 | @a213页@d20cm | |
| 606 | 0 | @a绘画@x世界 |
| 606 | 0 | @a绘画@y各国 |
| 690 | @aJ232@v4 | |
| 701 | 0 | @a马玉琪@Ama yu qi@4编著 |
| 701 | 0 | @a杨芮藻@Ayang rui zao@4编著 |
| 801 | 0 | @aCN@bPFT@c20190306 |
| 905 | @a10447@dJ232@eM226 | |
| 苦兼室藏日本画集= Kujian studio collection of Japanese paintings/马玉琪, 杨芮藻编著.-北京:中国城市出版社,2018.10 |
| 213页;20cm |
| ISBN 978-7-5074-3146-9:RMB 178.00 |
| ● |
| 相关链接 |
|
|
|
正题名:苦兼室藏日本画集= Kujian studio collecti
索取号:J232/M226
 
预约/预借
| 序号 | 登录号 | 条形码 | 馆藏地/架位号 | 状态 | 备注 |
| 1 | 1305253 | 213052532 | 社科库309/309社科库 77排4列5层/ [索取号:J232/M226] | 在馆 |